Word Ladder: New Year's Eve Celebration Quiz Stats

Quiz Updated Dec 31, 2015

Challenge
Share
Tweet
Embed
Score 0/8 Timer 01:00
0 Plays Today
Clue 4-Letter Word % Correct
Greater than average height⬇ TALL ⬇
98.7%
Hammer, wrench, or screwdriver, e. g.⬇ TOOL ⬇
98.7%
Fee to use a bridge or road⬇ TOLL ⬇
98.6%
Too ____ for school⬇ COOL ⬇
98.4%
Pen for chickens⬇ COOP ⬇
96.8%
To trim the edges of a photo⬇ CROP ⬇
95.3%
With last rung, an annual NYC New Year's Eve event● BALL ●
93.4%
With first rung, an annual NYC New Year's Eve event✸ DROP ✸
89.2%

Today's Daily Dose

You're not logged in!

Compare scores with friends on all Sporcle quizzes.
Sign Up with Email
OR
Log In

You Might Also Like...

Show Comments

Extras

Top Quizzes Today


Score Distribution

Your Account Isn't Verified!

In order to create a playlist on Sporcle, you need to verify the email address you used during registration. Go to your Sporcle Settings to finish the process.